书目信息 |
| 题名: |
化学品测试方法
|
|
| 作者: | 刘纯新 , 石利利 主编 ;环境保护部化学品登记中心 编 | |
| 分册: | 3 降解与蓄积卷 | |
| 出版信息: | 北京 中国环境出版社 2013.09 |
|
| 页数: | 416页 | |
| 开本: | 26cm | |
| 丛书名: | 环保公益性行业科研专项经费项目系列丛书 | |
| 单 册: | ||
| 中图分类: | TQ075 | |
| 科图分类: | ||
| 主题词: | 化工产品--测试 , 化工产品 | |
| 电子资源: | ||
| ISBN: | 978-7-5111-1555-3 | |
| 000 | 01382oam2 2200325 450 | |
| 001 | 0120131157994 | |
| 005 | 20140611151434.50 | |
| 010 | @a978-7-5111-1555-3@dCNY115.00 | |
| 100 | @a20131121d2013 em y0chiy0110 ea | |
| 101 | 0 | @achi |
| 102 | @aCN@b110000 | |
| 105 | @aak z 000yy | |
| 106 | @ar | |
| 200 | 1 | @a化学品测试方法@9hua xue pin ce shi fang fa@h3@i降解与蓄积卷@dThe guidelines for the testing of chemicals@iDegradation and accumulation@f刘纯新,石利利主编@g环境保护部化学品登记中心,《化学品测试方法》编委会编@zeng |
| 205 | @a2版 | |
| 210 | @a北京@c中国环境出版社@d2013.09 | |
| 215 | @a416页@c图@d26cm | |
| 225 | 2 | @a环保公益性行业科研专项经费项目系列丛书 |
| 330 | @a本书介绍了国际上普遍采用的化学品降解测试方法29个生物蓄积测试方法8个。每个方法对受试物的必备资料、测试原理、仪器设备、操作方法和程序、质量控制、数据报告等做了原则性叙述和规定。 | |
| 333 | @a化学工程领域相关人员 | |
| 461 | 0 | @12001 @a环保公益性行业科研专项经费项目系列丛书 |
| 510 | 1 | @aGuidelines for the testing of chemicals@iDegradation and accumulation@zeng |
| 606 | 0 | @a化工产品@x测试 |
| 606 | 0 | @a化工产品 |
| 690 | @aTQ075@v5 | |
| 701 | 0 | @a刘纯新@9liu chun xin@4主编 |
| 701 | 0 | @a石利利@9shi li li@4主编 |
| 712 | 02 | @a环境保护部化学品登记中心@9huan jing bao hu bu hua xue pin deng ji zhong xin@4编 |
| 801 | 0 | @aCN@b人天书店@c20131121 |
| 905 | @b548889-90@dTQ075@e242=2@f2 | |
| 化学品测试方法.3.降解与蓄积卷=The guidelines for the testing of chemicals.Degradation and accumulation/刘纯新,石利利主编/环境保护部化学品登记中心,《化学品测试方法》编委会编.-2版.-北京:中国环境出版社,2013.09 |
| 416页:图;26cm.-(环保公益性行业科研专项经费项目系列丛书) |
| 使用对象:化学工程领域相关人员 |
| ISBN 978-7-5111-1555-3:CNY115.00 |
| 本书介绍了国际上普遍采用的化学品降解测试方法29个生物蓄积测试方法8个。每个方法对受试物的必备资料、测试原理、仪器设备、操作方法和程序、质量控制、数据报告等做了原则性叙述和规定。 |
| ● |
| 相关链接 |
|
|
|
|
正题名:化学品测试方法
索取号:TQ075/242=2
 
预约/预借
| 序号 | 登录号 | 条形码 | 馆藏地/架位号 | 状态 | 备注 |
| 1 | 548889 | 205488890 | 第二样本阅览室/ [索取号:TQ075/242=2] | 在馆 | |
| 2 | 548890 | 205488907 | 第三借阅区/ [索取号:TQ075/242=2] | 在馆 |